000 00333nam a2200133Ia 4500
005 20260328101448.0
008 260328s9999||||xx |||||||||||||| ||und||
100 _aOvery, Paul
245 4 _aThe Rietveld Schroder House /
_cPaul Overy
260 _bButterworth Architecture
300 _a128 p.
650 _aARQUITECTOS
942 _cBK
999 _c8542
_d8542